000 00577cam a22002171 4500
001 sa 68013476
003 DLC
005 20260227112622.0
008 890514q19601968io 000 0 ind
010 _asa 68013476
035 _a(OCoLC)23544685
040 _aDLC
_cMiU
_dDLC
042 _apremarc
050 0 0 _aBP184.3
_b.A34
100 1 _aAḥmad, Bashīruddīn Maḥmūd,
_d1889-1965.
245 1 0 _aTjara mendoʼa jang dikabulkan Tuhan
260 _aSurabaja,
_bRadja-Pena
_c[196-?]
300 _a16 p.
_c17 cm.
650 0 _aPrayer
_xIslam
700 1 _aNahdi, Saleh A.
999 _c85131
_d85131